000 00435nam a2200157Ia 4500
008 230718s9999 xx 000 0 und d
041 _aeng
082 _a005.678
_bMUR
100 _aMurphy A.
245 _aBeginning Share Point 2007
_bBuilding Team Solutions with MOSS 2007
260 _bJohn Wiley
300 _a552
365 _cRs.
_b499.00
700 _aMurphy A. & Perran S.
_9189736
906 _dB:224518-Oct-2007
_cCOMP
_b99.8
999 _c317825
_d317825